La mirada : (Record no. 195551)

MARC details
000 -LEADER
campo de control de longitud fija 01649nam a2200361 i 4500
001 - NÚMERO DE CONTROL
campo de control 195551
003 - IDENTIFICADOR DE NÚMERO DE CONTROL
campo de control SpMaBN
005 - FECHA Y HORA DE LA ÚLTIMA TRANSACCIÓN
campo de control 20241025063100.0
007 - CAMPO FIJO DE DESCRIPCIÓN FÍSICA--INFORMACIÓN GENERAL
campo de control de longitud fija ta
008 - DATOS DE LONGITUD FIJA--INFORMACIÓN GENERAL
campo de control de longitud fija 240621s1999 sp a spa
016 7# - NÚMERO DE CONTROL DE UNA AGENCIA BIBLIOGRÁFICA NACIONAL
Número de control del registro bimoBNE20040516451
Fuente SpMaBN
017 ## - NÚMERO DE COPYRIGHT O DE DEPÓSITO LEGAL
Número de copyright o de depósito legal MU 658-1999
Agencia que asigna Oficina Depósito Legal Murcia
035 ## - NÚMERO DE CONTROL DEL SISTEMA
Número de control de sistema (OCoLC)434096415
035 ## - NÚMERO DE CONTROL DEL SISTEMA
Número de control de sistema Mimo0002205366
040 ## - FUENTE DE CATALOGACIÓN
Centro catalogador/agencia de origen SpMaBN
Lengua de catalogación spa
Centro/agencia transcriptor SpMaBN
Normas de descripción rdc
Centro/agencia modificador ES-MaACL
080 ## - NÚMERO DE LA CLASIFICACIÓN DECIMAL UNIVERSAL
Número de la Clasificación Decimal Universal 74 Lucas, José (083.824)
100 1# - ENTRADA PRINCIPAL--NOMBRE DE PERSONA
Nombre de persona Lucas, José
Fechas asociadas al nombre 1945-2023
Número de control del registro de autoridad o número normalizado XX1015784
9 (RLIN) 237169
Término indicativo de función/relación Dibujante
245 13 - MENCIÓN DEL TÍTULO
Título La mirada :
Resto del título los dibujos de la bahía ; obra 1985 /
Mención de responsabilidad, etc. José Lucas.
260 ## - PUBLICACIÓN, DISTRIBUCIÓN, ETC.
Lugar de publicación, distribución, etc. Murcia :
Nombre del editor, distribuidor, etc. La Ribera, Galería de Arte,
Fecha de publicación, distribución, etc. 1999.
Fabricante (A.G. Novograf)
300 ## - DESCRIPCIÓN FÍSICA
Extensión [22] p. :
Otras características físicas principalmente il col. y n. ;
Dimensiones 22 cm
336 ## - TIPO DE CONTENIDO
Fuente rdacontent
Término de tipo de contenido texto
337 ## - TIPO DE MEDIO
Fuente rdamedia
Nombre/término del tipo de medio sin mediación
338 ## - TIPO DE SOPORTE
Fuente rdacarrier
Nombre/término del tipo de soporte volumen
600 17 - PUNTO DE ACCESO ADICIONAL DE MATERIA--NOMBRE DE PERSONA
Nombre de persona Lucas, José
Fechas asociadas al nombre 1945-2023
Subdivisión de forma Exposiciones
Fuente del encabezamiento o término embne
9 (RLIN) 237170
655 #7 - TERMINO DE INDIZACIÓN--GENERO/FORMA
Fuente del término tgfbne
9 (RLIN) 176539
Datos o término principal de género/forma Poesías
710 2# - ENTRADA AGREGADA--NOMBRE DE ENTIDAD CORPORATIVA
Nombre de entidad corporativa o nombre de jurisdicción como elemento de entrada La Ribera Galería de Arte
9 (RLIN) 237171
Término indicativo de función/relación Editor
852 ## - LOCALIZACIÓN
Ubicación ES-MaACL
Ubicación en estantería Depósito folletos
Número de control de estantería FOLL-BUE-110
Anotaciones manuscritas Dedicatoria manuscrita del autor, José Lucas, para Antonio Buero Vallejo en hoja de guarda: "Para Antonio Buero Vallejo, tan imprescindible en la cortisima nómina del gran teatro universal actual. Con la vieja devoción y admiración por su obra. Su partidario y amigo. [Firma y rúbrica] 1999".
Donativo/Legado Legado: Antonio Buero Vallejo
itemnumber 203757
903 ## - NOMBRE PERSONAL DE DONANTE
9 32421
a Buero Vallejo, Antonio,
q 1
d 1916-2000
e Donante
942 ## - ELEMENTOS DE ENTRADA SECUNDARIOS (KOHA)
Suprimir en OPAC No
Tipo de ítem Koha Folleto
Holdings
Estatus retirado Estado de pérdida Fuente del sistema de clasificación o colocación Estado de daño No para préstamo Colección Biblioteca de origen Biblioteca actual Ubicación en estantería Fecha de adquisición Fuente de adquisición Total de préstamos Signatura topográfica completa Código de barras Visto por última vez Tipo de ítem Koha Nota pública
    Clasificación decimal universal     Libros con dedicatorias Biblioteca del Ateneo de Madrid Biblioteca del Ateneo de Madrid Depósito folletos 21/06/2024 Legado   FOLL-BUE-110 101228624 21/06/2024 Folleto Dedicatoria manuscrita del autor, José Lucas, para Antonio Buero Vallejo.